Lučenec a okolie súbor turistických máp

Podrobná bibliografia
Médium: Mapa
Jazyk:slovenčina
Vydavateľské údaje: Bratislava Správa geodézie a kartografie na Slovensku 1960

MARC

LEADER 00000nem a2200000 a 4500
001 vtls008161251
003 SK-MaSNL
005 20260223181218.0
008 050620 1960 xo abc e 1 slo
040 |a SNK  |b slo  |c SNK  |e AACR2 
245 |a Lučenec a okolie  |h kartografický dokument  |b súbor turistických máp 
255 |a Mierka 1:75 000 
260 |a Bratislava  |b Správa geodézie a kartografie na Slovensku  |c 1960 
999 |c 647539  |d 649469 
952 |a SNK  |b SNK  |y VYP  |7 0  |p 17A0476009  |o snkSLBm 429 D1  |i snk2005/10631  |8 1  |0 0  |1 0  |4 0  |d 2005-06-20  |l 0  |r 2026-02-23 18:12:18  |w 2026-02-23